Central Library OPAC University of Rajshahi

A new translation of the Bible : (Record no. 57212)

MARC details
000 -LEADER
fixed length control field 00685nam a2200229 a 4500
001 - CONTROL NUMBER
control field 57212
003 - CONTROL NUMBER IDENTIFIER
rucl marc code BD-RjUL
005 - DATE AND TIME OF LATEST TRANSACTION
control field 20211209080500.0
008 - FIXED-LENGTH DATA ELEMENTS--GENERAL INFORMATION
fixed length control field 161207r19481913enk 000 0 eng d
035 ## - SYSTEM CONTROL NUMBER
System control number (BD-RjUL)57336
040 ## - CATALOGING SOURCE
Original cataloging agency AKU
Transcribing agency AKU
Modifying agency EQO
Language of cataloging eng
041 ## - LANGUAGE CODE
Language code of text/sound track or separate title eng
082 ## - DEWEY DECIMAL CLASSIFICATION NUMBER
Edition number 23
Classification number 220
Author mark and year MON 1948
090 ## - LOCALLY ASSIGNED LC-TYPE CALL NUMBER (OCLC); LOCAL CALL NUMBER (OCLC)
Classification number (OCLC) (R) ; Classification number, CALL (RLIN) (NR) BS195
Local cutter number (OCLC) ; Book number/undivided call number, CALL (RLIN) .M5 1925
100 ## - MAIN ENTRY--PERSONAL NAME
Personal name Moffatt, James
9 (RLIN) 169915
245 12 - TITLE STATEMENT
Title A new translation of the Bible :
Remainder of title containing the Old and New Testaments /
Statement of responsibility, etc. James Moffatt
260 ## - PUBLICATION, DISTRIBUTION, ETC. (IMPRINT)
Place of publication, distribution, etc. London :
Name of publisher, distributor, etc. Hodder and Stoughton,
Date of publication, distribution, etc. 1913 [Impression 1948]
300 ## - PHYSICAL DESCRIPTION
Pagination 1416 p. in various pagings ;
Size 20 cm
650 ## - SUBJECT ADDED ENTRY--TOPICAL TERM
Topical term or geographic name as entry element Bible
9 (RLIN) 169916
700 1# - ADDED ENTRY--PERSONAL NAME
Dates associated with a name 1870-1944.
942 ## - ADDED ENTRY ELEMENTS (KOHA)
Source of classification or shelving scheme Dewey Decimal Classification
Koha item type Books
Holdings
Lost status Source of classification or shelving scheme Damaged status Not for loan Collection code Permanent Location Current Location Shelving location Date acquired Source of acquisition Cost, normal purchase price Total Checkouts Full call number Date last seen Copy number Koha item type
  Dewey Decimal Classification   Not For Loan Non-fiction Central Library, University of Rajshahi Central Library, University of Rajshahi Reading Room 15/02/1956 O. B. E. 17.10   220 MON 1948 07/12/2016 C-1 Books